Football Teams Atiba Hutchinson Played For - Statistics

General Stats
  • This quiz has been taken 8 times
  • The average score is 4 of 6
Answer Stats
League Years Team % Correct
Turkey 2013-2023 Beşiktaş JK
86%
Denmark 2006-2010 FC København
71%
Canada 2002-2003 Toronto Lynx
71%
Netherlands 2010-2013 PSV
57%
Sweden 2005-2006 Helsingborgs IF
43%
Sweden 2003-2005 Östers IF
43%
No matching quizzes found
Score Distribution
Percent of People with Each Score
Percentile by Number Answered
Your Score History
You have not taken this quiz